书目信息 |
| 书名: | 语言教学法面面观 | |
| 作者: | H.G. Widdowson. | |
| 分册号: | ||
| 分册名: | 出版地: | Oxford : |
|
| 出版社: | Oxford University Press | |
| 出版时间: | 1990. | |
| 页数: | xiii, 213 p. ; | |
| 开本: | 23 cm. | |
| 丛书名: | Oxford English | |
| 中图分类号: | ||
| 科图分类号: | ||
| 其他分类号: | H09 | |
| 主题词: | ||
| 电子资源: | ||
| 000 | 00923nam 2200277 a 4500 | |
| 001 | E0732486671 | |
| 005 | 20070818151857.78 | |
| 008 | 910625s1990 enk b 00110 eng d | |
| 020 | @a019437128X (pbk.). | |
| 020 | @a7-81046-583-X :@cCNY15.00. | |
| 040 | @aPFT@bchi | |
| 050 | 0 | @aP51@b.W42 1990x |
| 090 | @aH09 | |
| 099 | @dH09@ex58 | |
| 100 | 1 | @aWiddowson, H. G. |
| 245 | 10 | @a语言教学法面面观 :@bAspects of language teaching / @cH.G. Widdowson. |
| 246 | @aAspects of language teaching : | |
| 250 | @a影印本. | |
| 260 | @aOxford :@bOxford University Press,@c1990. | |
| 300 | @axiii, 213 p. ;@c23 cm. | |
| 440 | 0 | @aOxford English. |
| 500 | @a本书由牛津大学出版社授权上海外语教育出版社出版 | |
| 504 | @aIncludes bibliographical references (p. [197]-207) and index. | |
| 650 | 0 | @aLanguage and languages@xStudy and teaching. |
| 650 | 0 | @aSecond language acquisition. |
| 700 | @aWiddowson,H.G. | |
| 语言教学法面面观 : : Aspects of language teaching / / H.G. Widdowson.-影印本.-Oxford : : Oxford University Press, , 1990. |
| xiii, 213 p. ; ; 23 cm.- (Oxford English. ) |
| 本书由牛津大学出版社授权上海外语教育出版社出版.-Includes bibliographical references (p. [197]-207) and index. |
| ISBN 019437128X (pbk.). |
| ● |
| 相关链接 |
|
|
|
|
正题名:语言教学法面面观
索取号:H09/x58
 
预约/预借
| 序号 | 登录号 | 条形码 | 馆藏地/架位号 | 状态 | 备注 |
| 1 | 0000422 | 300004224 | 第二样本阅览室/ [索取号:H09/x58] | 在馆 | |
| 2 | 0000423 | 300004233 | 第四借阅区/ [索取号:H09/x58] | 在馆 | |
| 3 | 0000424 | 300004242 | 第四借阅区/ [索取号:H09/x58] | 在馆 | |
| 4 | 0000425 | 300004251 | 第四借阅区/ [索取号:H09/x58] | 在馆 | |
| 5 | 0016704 | 300167049 | 第四借阅区/ [索取号:H09/x58] | 在馆 |